| 000 | 00667nam a22001697a 4500 | ||
|---|---|---|---|
| 003 | AUA.1 | ||
| 005 | 20251028162152.0 | ||
| 008 | 250701b |||||||| |||| 00| 0 eng d | ||
| 040 | _cJTL | ||
| 100 | _aNjeru, Ernest Ireri | ||
| 245 |
_aDealing with non-conforming pastors' kids : _bA model of ministry for Seventh-day Adventist pastors' children in selected conferences of East Kenya Union Conference / _cErnest Ireri Njeru. |
||
| 260 | _cc2024. | ||
| 300 |
_ax, 103 leaves : _bIllustrations : _c30 cm. |
||
| 610 |
_aSeventh-day Adventists Church : _bEast Kenya Union Conference |
||
| 650 | _aChildren of clergy | ||
| 942 |
_2aua _cPROJECT _hMDiv _i.N54 2024 |
||
| 999 |
_c25122 _d25122 |
||